| 000 | 00985nam a2200253 a 4500 | ||
|---|---|---|---|
| 003 | CBULib | ||
| 005 | 20240815085133.0 | ||
| 008 | 180907s2015 ||||||||||||||||| || u | ||
| 040 |
_aCBULib _bCBUlib _cCBUlib _dCBUlib _erda |
||
| 041 | _aeng | ||
| 050 | _aUNCTAD(058)WIRO/2015 | ||
| 110 |
_9359 _aUnited Nations Conference on Trade and Development (UNCTAD) |
||
| 245 | 0 | 0 |
_aWorld investment Report, 2015 : performing international investment governance : key message and overview _c/ by United Nations Conference on Trade And Development (UNCTAD]) |
| 260 |
_aNew York : _bUnited Nations, _c2015 |
||
| 300 | _aXX, 44 Pages.: illustrations | ||
| 336 |
_2rdacontent _aText | _btxt |
||
| 337 |
_2rdamedia _aUnmediated | _bn |
||
| 338 |
_2rdacarrier _aVolume _bnc |
||
| 650 | 0 |
_92680 _aGOVERNANCE |
|
| 650 | 0 |
_92681 _aINTERNATIONAL INVESTMENT -REFORMING |
|
| 650 | 0 |
_aWORLD INVESTMENT REPORT _92664 |
|
| 942 |
_2mc _c029 |
||
| 999 |
_c62114 _d62114 |
||